| 000 | 00713nam a2200205Ii 4500 | ||
|---|---|---|---|
| 003 | JO-AjNU | ||
| 008 | 230605s9999||||xx |||||||||||||| ||und|| | ||
| 017 | _a2019/6/3195 | ||
| 040 |
_aJO-AjNU _bara _erda _cJO-AjNU |
||
| 041 | _aara | ||
| 050 | 1 | 4 | _aQC3.G4242.2019 |
| 100 | 3 |
_aغصيب، هشام, _eauthor _962657 |
|
| 245 | 0 | 0 | _aالعقل والمنهج في الثورة العلمية الكبرى |
| 264 | 3 | 1 | _aعمان: وزارة الثقافة، 2019 |
| 300 |
_a144ص _b ويحتوي على قائمة مراجع من ص143-ص144 |
||
| 336 |
_atext _btxt _2rdacontent |
||
| 337 |
_aunmediated _bn _2rdamedia |
||
| 338 |
_avolume _bnc _2rdacarrier |
||
| 650 | 4 |
_aالعلوم -متفرقات _962658 |
|
| 999 |
_aA28383 _c31951 _d31951 |
||